[Event "Quebec-ch U12"]
[Site "Montreal CAN"]
[Date "2011.11.26"]
[Round "2"]
[White "Shi, Ling Yun"]
[Black "Gao, Christine"]
[Result "1-0"]
[WhiteElo "1627"]
[BlackElo "1228"]
[PlyCount "133"]
[GameId "2160767909573403"]
[EventDate "2011.11.25"]
[EventType "swiss"]
[EventRounds "5"]
[EventCountry "CAN"]
[SourceTitle "hb 2012"]

1. e4 c5 2. Nf3 d6 3. d4 cxd4 4. Nxd4 Nf6 5. Nc3 a6 6. Be3 e6 7. Be2 Be7 8. O-O O-O 9. Qd2 Qc7 10. a4 Nc6 11. Bf3 Rd8 12. Nxc6 bxc6 13. a5 Rb8 14. Bb6 Rxb6 15. axb6 Qxb6 16. Na4 Qc7 17. Qe3 c5 18. Qb3 Bb7 19. Rfe1 Rb8 20. Qc3 d5 21. exd5 Nxd5 22. Bxd5 Bxd5 23. Qa3 c4 24. Qe3 Qc6 25. Qh3 Bf6 26. Nc3 Rxb2 27. Nxd5 Qxd5 28. Rxa6 Rxc2 29. Qg4 Qd2 30. Ra8+ Bd8 31. Rf1 Rc1 32. Rxd8+ Qxd8 33. Rxc1 Qd2 34. Rd1 Qa5 35. Qd4 g6 36. Qd8+ Qxd8 37. Rxd8+ Kg7 38. Rd1 Kf6 39. Rc1 Ke5 40. Rxc4 Kd5 41. Rc1 e5 42. f3 f5 43. Kf2 g5 44. g3 e4 45. fxe4+ Kxe4 46. Re1+ Kd4 47. Kf3 Kd3 48. Re5 f4 49. gxf4 gxf4 50. Kxf4 h5 51. Rxh5 Kd4 52. Rg5 Kd3 53. Rg7 Kd4 54. Rd7+ Kc3 55. Ke4 Kc2 56. Ke3 Kc1 57. Ke2 Kc2 58. Rc7+ Kb3 59. Kd2 Kb4 60. Kd3 Kb5 61. Kd4 Kb6 62. Rc2 Kb5 63. Rc1 Kb6 64. Kd5 Kb7 65. Kd6 Kb8 66. Kd7 Kb7 67. Rb1+ 1-0

[Event "Quebec-ch U12"]
[Site "Montreal CAN"]
[Date "2011.11.26"]
[Round "3"]
[White "Gao, Christine"]
[Black "Nazarov, Stephanie"]
[Result "0-1"]
[WhiteElo "1228"]
[BlackElo "910"]
[PlyCount "104"]
[GameId "2160767909573404"]
[EventDate "2011.11.25"]
[EventType "swiss"]
[EventRounds "5"]
[EventCountry "CAN"]
[SourceTitle "hb 2012"]

1. e4 c6 2. Nf3 d5 3. Nc3 dxe4 4. Nxe4 Nf6 5. Nc3 e6 6. d4 Bb4 7. Bd2 O-O 8. Bd3 Nbd7 9. O-O Re8 10. Re1 c5 11. Ne4 Bxd2 12. Qxd2 cxd4 13. Nxd4 Nxe4 14. Bxe4 Nf6 15. Bf3 e5 16. Nb3 Qxd2 17. Nxd2 Bf5 18. Bxb7 Rab8 19. Be4 Bxe4 20. Nxe4 Nxe4 21. Rxe4 Rxb2 22. Re2 f6 23. a3 Rc8 24. Rd1 Rcxc2 25. Rxc2 Rxc2 26. g3 Rc7 27. Kg2 h6 28. Rd3 g6 29. f4 exf4 30. gxf4 g5 31. Kg3 Kg7 32. h4 gxf4+ 33. Kxf4 Kg6 34. Rd5 Rc4+ 35. Ke3 Rc3+ 36. Rd3 Rxd3+ 37. Kxd3 Kh5 38. Ke4 Kxh4 39. Kf4 h5 40. a4 a5 41. Kf3 Kg5 42. Kg3 f5 43. Kh3 f4 44. Kg2 h4 45. Kh3 f3 46. Kh2 Kg4 47. Kh1 Kg3 48. Kg1 f2+ 49. Kf1 h3 50. Ke2 Kg2 51. Ke3 f1=Q 52. Kd4 Qd1+ 0-1

[Event "Quebec-ch U12"]
[Site "Montreal CAN"]
[Date "2011.11.26"]
[Round "3"]
[White "Luo, Alan"]
[Black "Liu, Yu Qing"]
[Result "0-1"]
[WhiteElo "1270"]
[BlackElo "1285"]
[PlyCount "66"]
[GameId "2160767909573405"]
[EventDate "2011.11.25"]
[EventType "swiss"]
[EventRounds "5"]
[EventCountry "CAN"]
[SourceTitle "hb 2012"]

1. e4 c5 2. Nf3 Nc6 3. d4 cxd4 4. Nxd4 Nf6 5. Nc3 g6 6. Be3 Bg7 7. Bd3 O-O 8. O-O d6 9. h3 Bd7 10. f4 Qb6 11. Kh1 Qxb2 12. Nde2 Qa3 13. Rb1 Rfb8 14. Nb5 Qa5 15. Rb3 a6 16. Na3 b5 17. Ng3 Be6 18. c4 Nd7 19. f5 Bxc4 20. Nxc4 bxc4 21. Bxc4 Rxb3 22. Bxb3 Nce5 23. fxg6 hxg6 24. Qc1 Nc5 25. Bd5 Rc8 26. Bh6 Bf6 27. Bg5 Ned7 28. Qc4 Bxg5 29. Rxf7 Kh8 30. Be6 Ne5 31. Qd5 Nxf7 32. Bxc8 Qe1+ 33. Kh2 Bf4 0-1

[Event "Quebec-ch U12"]
[Site "Montreal CAN"]
[Date "2011.11.26"]
[Round "3"]
[White "Yip, William"]
[Black "Shi, Ling Yun"]
[Result "0-1"]
[WhiteElo "1529"]
[BlackElo "1627"]
[PlyCount "138"]
[GameId "2160767909573406"]
[EventDate "2011.11.25"]
[EventType "swiss"]
[EventRounds "5"]
[EventCountry "CAN"]
[SourceTitle "hb 2012"]

1. d4 d5 2. Nf3 Nf6 3. Bf4 Bf5 4. e3 e6 5. Bd3 Bxd3 6. Qxd3 b6 7. Ne5 Bd6 8. Qb5+ Nfd7 9. Nc6 Nxc6 10. Qxc6 Bxf4 11. exf4 O-O 12. O-O Nf6 13. Nd2 Qd7 14. Qc3 Rac8 15. Qd3 Qd6 16. g3 c5 17. c3 c4 18. Qe3 b5 19. a3 a5 20. Qe5 Qb6 21. Ra2 Qc6 22. Qe3 Qd6 23. Qe5 Qb8 24. Rfa1 Nd7 25. Qe3 Qd6 26. Nf3 Ra8 27. Ne5 Nb6 28. g4 f5 29. g5 Ra7 30. h4 Rfa8 31. h5 Ra6 32. Kh1 Na4 33. g6 h6 34. Nf7 Qe7 35. Qg3 Nb6 36. Kh2 Nc8 37. Kh3 Nd6 38. Ne5 Ne4 39. Qg2 Nf6 40. Qf3 Ne4 41. Qg2 Nd2 42. Rg1 b4 43. f3 Nb3 44. a4 bxc3 45. bxc3 Rb6 46. Nf7 Qe8 47. Qg3 Ra7 48. Qh4 Ra8 49. Rag2 Qxa4 50. Nxh6+ gxh6 51. Qf6 Qe8 52. Qh4 Kg7 53. Qe1 Ra7 54. Qe5+ Kg8 55. Kh2 Rg7 56. Re2 Qe7 57. Kh1 a4 58. Ra2 a3 59. Rag2 Na5 60. Ra2 Nc6 61. Qe1 Rb3 62. Re2 Nd8 63. Qa1 Qh4+ 64. Rh2 Qxf4 65. Rf1 Qe3 66. Rc2 Qg5 67. Rh2 Rb2 68. Rxb2 axb2 69. Qxb2 Qxh5+ 0-1

[Event "Quebec-ch U12"]
[Site "Montreal CAN"]
[Date "2011.11.26"]
[Round "3"]
[White "Yu, Zong Yang"]
[Black "Chang, Michael"]
[Result "1-0"]
[WhiteElo "1815"]
[BlackElo "1901"]
[PlyCount "80"]
[GameId "2160767909573407"]
[EventDate "2011.11.25"]
[EventType "swiss"]
[EventRounds "5"]
[EventCountry "CAN"]
[SourceTitle "hb 2012"]

1. d4 Nf6 2. c4 g6 3. Nc3 Bg7 4. e4 d6 5. Nf3 O-O 6. Be2 e5 7. O-O Nbd7 8. Re1 c6 9. Bg5 Qb6 10. dxe5 dxe5 11. Rb1 a5 12. Be3 Qc7 13. Nd2 Rd8 14. Qc2 Nf8 15. Red1 Ne6 16. Nb3 Bf8 17. Na4 Rxd1+ 18. Rxd1 c5 19. Nc3 Nd4 20. Qd2 Bd7 21. Nd5 Nxd5 22. cxd5 b6 23. Bf1 Ba4 24. Qc3 Rc8 25. Ba6 Ra8 26. Bf1 b5 27. Rc1 b4 28. Qd3 Bb5 29. Qd2 Bxf1 30. Kxf1 Qb6 31. Qd3 Nxb3 32. Qxb3 Qb5+ 33. Qc4 Qxc4+ 34. Rxc4 Rc8 35. Ke2 Bd6 36. Kd3 f5 37. f3 Kf7 38. Rc1 f4 39. Bf2 g5 40. Kc4 g4 1-0

[Event "Quebec-ch U12"]
[Site "Montreal CAN"]
[Date "2011.11.27"]
[Round "4"]
[White "Gao, Christine"]
[Black "Luo, Alan"]
[Result "1-0"]
[WhiteElo "1228"]
[BlackElo "1270"]
[PlyCount "45"]
[GameId "2160767909573408"]
[EventDate "2011.11.25"]
[EventType "swiss"]
[EventRounds "5"]
[EventCountry "CAN"]
[SourceTitle "hb 2012"]

1. e4 e5 2. Nf3 Nc6 3. d4 exd4 4. Nxd4 Bc5 5. Be3 Qf6 6. c3 Nge7 7. Be2 O-O 8. O-O d6 9. f4 Re8 10. Bf3 Bb6 11. Qd3 Nxd4 12. Bxd4 Bxd4+ 13. cxd4 Qxf4 14. Bh5 Qg5 15. Bxf7+ Kh8 16. Bxe8 Be6 17. Ba4 c6 18. Nc3 b5 19. Bb3 d5 20. exd5 Nxd5 21. Nxd5 cxd5 22. Rae1 Bd7 23. Qf3 1-0

[Event "Quebec-ch U12"]
[Site "Montreal CAN"]
[Date "2011.11.27"]
[Round "4"]
[White "Liu, Yu Qing"]
[Black "Chang, Michael"]
[Result "0-1"]
[WhiteElo "1285"]
[BlackElo "1901"]
[PlyCount "102"]
[GameId "2160767909573409"]
[EventDate "2011.11.25"]
[EventType "swiss"]
[EventRounds "5"]
[EventCountry "CAN"]
[SourceTitle "hb 2012"]

1. e4 c6 2. d4 d5 3. e5 Bf5 4. Nf3 e6 5. Be3 Nd7 6. Bd3 Bxd3 7. Qxd3 Qc7 8. Nbd2 a6 9. O-O c5 10. c3 c4 11. Qc2 Ne7 12. b3 b5 13. a4 Rb8 14. b4 Nf5 15. Rfe1 Be7 16. Nf1 O-O 17. Bg5 Bxg5 18. Nxg5 h6 19. g4 Qd8 20. gxf5 Qxg5+ 21. Ng3 h5 22. Qe2 h4 23. Qh5 Qxh5 24. Nxh5 Nb6 25. a5 Na4 26. Re3 exf5 27. Rc1 Rfe8 28. Rh3 Re6 29. Nf4 Rh6 30. Nxd5 Kf8 31. f4 Nb2 32. Ne3 Nd3 33. Rf1 g6 34. Ng2 Ke7 35. Rxh4 Rxh4 36. Nxh4 Rh8 37. Ng2 Rh3 38. Rd1 Nb2 39. Rc1 Na4 40. Kf2 Nxc3 41. Ne3 Ne4+ 42. Ke2 Rxh2+ 43. Kd1 Rd2+ 44. Ke1 Rxd4 45. Rd1 Rxd1+ 46. Kxd1 Ke6 47. Nc2 Nf2+ 48. Ke2 Nd3 49. Ke3 Kd5 50. Na3 Nxb4 51. Nb1 Nc6 0-1

[Event "Quebec-ch U12"]
[Site "Montreal CAN"]
[Date "2011.11.27"]
[Round "4"]
[White "Nazarov, Stephanie"]
[Black "Saha, Ananda"]
[Result "0-1"]
[WhiteElo "910"]
[BlackElo "1223"]
[PlyCount "56"]
[GameId "2160767909573410"]
[EventDate "2011.11.25"]
[EventType "swiss"]
[EventRounds "5"]
[EventCountry "CAN"]
[SourceTitle "hb 2012"]

1. d4 d5 2. c4 e6 3. Nc3 Nf6 4. Bg5 Be7 5. e3 h6 6. Bh4 O-O 7. Bd3 dxc4 8. Bxc4 Nc6 9. Nf3 Nd5 10. Bxe7 Ncxe7 11. Nxd5 exd5 12. Bd3 Bg4 13. O-O c6 14. h3 Bh5 15. e4 Re8 16. exd5 Nxd5 17. Re1 Rxe1+ 18. Qxe1 Bxf3 19. gxf3 Qg5+ 20. Kf1 Nf4 21. Qe3 Qg2+ 22. Ke1 Nxd3+ 23. Ke2 Nb4 24. Rc1 Nd5 25. Qe4 Nf6 26. Qd3 Re8+ 27. Kd1 Qxf2 28. Rc2 Re1# 0-1

[Event "Quebec-ch U12"]
[Site "Montreal CAN"]
[Date "2011.11.27"]
[Round "4"]
[White "Shi, Ling Yun"]
[Black "Yu, Zong Yang"]
[Result "0-1"]
[WhiteElo "1627"]
[BlackElo "1815"]
[PlyCount "120"]
[GameId "2160767909573411"]
[EventDate "2011.11.25"]
[EventType "swiss"]
[EventRounds "5"]
[EventCountry "CAN"]
[SourceTitle "hb 2012"]

1. e4 c5 2. Nf3 d6 3. Bb5+ Bd7 4. Bxd7+ Nxd7 5. O-O Ngf6 6. Nc3 g6 7. d3 Bg7 8. h3 O-O 9. Be3 Rb8 10. a4 b6 11. Qd2 Re8 12. Bh6 Bh8 13. Nh2 a6 14. f4 b5 15. a5 c4 16. Nf3 cxd3 17. cxd3 Nc5 18. Nd4 Nfd7 19. Nce2 Rc8 20. Rac1 Nb8 21. b4 Na4 22. Rxc8 Qxc8 23. Rc1 Qb7 24. Nf3 Rc8 25. Rxc8+ Qxc8 26. Bg5 Qc7 27. Nfd4 Qa7 28. Qe3 Nc3 29. Kf1 Nxe2 30. Kxe2 Bxd4 31. Qc1 Qd7 32. Bh4 Nc6 33. Be1 Bf6 34. Qb1 Nd4+ 35. Kd2 Qc6 36. Bf2 Ne6 37. g3 Qc3+ 38. Ke2 Nd4+ 39. Kd1 Nb3 40. Be1 Qa1 41. Qxa1 Nxa1 42. Kd2 Nb3+ 43. Kc2 Nd4+ 44. Kd1 e5 45. fxe5 dxe5 46. g4 Bg5 47. Bg3 Bf4 48. Bf2 h5 49. gxh5 gxh5 50. Be1 Nf3 51. Bf2 Kh7 52. Ke2 Nd4+ 53. Kd1 Kg6 54. Bh4 Bg5 55. Bg3 Nc6 56. h4 Be7 57. Kc2 Nxb4+ 58. Kc3 Nc6 59. Bf2 Bb4+ 60. Kb3 Bxa5 0-1

[Event "Quebec-ch U12"]
[Site "Montreal CAN"]
[Date "2011.11.27"]
[Round "4"]
[White "Tinica, Sabina"]
[Black "Yip, William"]
[Result "0-1"]
[WhiteElo "955"]
[BlackElo "1529"]
[PlyCount "102"]
[GameId "2160767909573412"]
[EventDate "2011.11.25"]
[EventType "swiss"]
[EventRounds "5"]
[EventCountry "CAN"]
[SourceTitle "hb 2012"]

1. d4 d5 2. c4 e6 3. Nf3 c6 4. a4 dxc4 5. Nc3 Bb4 6. Qc2 b5 7. axb5 cxb5 8. Bd2 Bxc3 9. bxc3 Bb7 10. e4 Nf6 11. e5 Nd5 12. Rb1 Qd7 13. Be2 O-O 14. O-O a5 15. Ng5 f5 16. exf6 Nxf6 17. Rb2 h6 18. Nf3 Be4 19. Qc1 Na6 20. Ne5 Qd5 21. f3 Bh7 22. Bxh6 gxh6 23. Qxh6 Ra7 24. Qg5+ Rg7 25. Qe3 Bf5 26. Ra1 a4 27. Kh1 Nc7 28. Bd1 Qd6 29. Bc2 Nfd5 30. Qd2 Bxc2 31. Qxc2 Rf6 32. Qb1 Nxc3 33. Qc2 Qxd4 34. Nc6 Qe3 35. Qd2 Qxd2 36. Rxd2 N7d5 37. Na5 Rc7 38. h4 b4 39. g4 Rxf3 40. Kg2 Rf4 41. Kg3 Ne4+ 42. Kh3 Nxd2 43. Rxa4 Rf3+ 44. Kg2 Ne3+ 45. Kh2 Ndf1+ 46. Kg1 Rg7 47. g5 Rgf7 48. Rxb4 Rg3+ 49. Kh1 Rg2 50. Rb8+ Kg7 51. h5 Ng3# 0-1

[Event "Quebec-ch U12"]
[Site "Montreal CAN"]
[Date "2011.11.27"]
[Round "5"]
[White "Yip, William"]
[Black "Liu, Yu Qing"]
[Result "1/2-1/2"]
[WhiteElo "1529"]
[BlackElo "1285"]
[PlyCount "74"]
[GameId "2160767909573413"]
[EventDate "2011.11.25"]
[EventType "swiss"]
[EventRounds "5"]
[EventCountry "CAN"]
[SourceTitle "hb 2012"]

1. d4 f5 2. Nf3 e6 3. Bf4 Nf6 4. e3 Be7 5. Nbd2 d5 6. Bd3 O-O 7. O-O c6 8. c4 Ne4 9. Ne5 Nd7 10. f3 Nxd2 11. Qxd2 g5 12. Bg3 h5 13. Ng6 Rf7 14. Nxe7+ Qxe7 15. e4 f4 16. Bf2 Nb6 17. exd5 exd5 18. cxd5 Nxd5 19. Bg6 Bf5 20. Rae1 Bxg6 21. Rxe7 Rxe7 22. Re1 Rae8 23. Re5 Rxe5 24. dxe5 Rxe5 25. Bd4 Re8 26. Qa5 Bd3 27. h3 a6 28. Qa3 Bf5 29. Qb3 b5 30. Qa3 Re1+ 31. Kf2 Rd1 32. Be5 Bd3 33. g4 Rf1+ 34. Kg2 Ne3+ 35. Kh2 Rxf3 36. Qd6 Rf2+ 37. Kg1 Rf1+ 1/2-1/2

[Event "Quebec-ch U12"]
[Site "Montreal CAN"]
[Date "2011.11.27"]
[Round "5"]
[White "Yu, Zong Yang"]
[Black "Saha, Ananda"]
[Result "0-1"]
[WhiteElo "1815"]
[BlackElo "1223"]
[PlyCount "106"]
[GameId "2160767909573414"]
[EventDate "2011.11.25"]
[EventType "swiss"]
[EventRounds "5"]
[EventCountry "CAN"]
[SourceTitle "hb 2012"]

1. d4 d5 2. c4 e6 3. Nc3 Nf6 4. Bg5 Be7 5. e3 h6 6. Bf4 Bd6 7. Bxd6 Qxd6 8. Nf3 Nc6 9. a3 a6 10. Qc2 e5 11. dxe5 Nxe5 12. Rd1 c6 13. cxd5 cxd5 14. Qb3 Nxf3+ 15. gxf3 Qc6 16. Bg2 Be6 17. f4 Rd8 18. O-O Ne4 19. f5 Nxc3 20. bxc3 Bxf5 21. Rxd5 Rxd5 22. Qxd5 Qxd5 23. Bxd5 b5 24. Rd1 O-O 25. Bb7 a5 26. Ba6 Rb8 27. Rd5 Be6 28. Rxb5 Rxb5 29. Bxb5 Kf8 30. Kf1 Ke7 31. Ke2 Kd6 32. Bd3 Kc5 33. e4 f6 34. Kd2 g5 35. Ke3 h5 36. Be2 h4 37. Bd3 a4 38. Kd2 Bb3 39. Bc2 Bxc2 40. Kxc2 Kc4 41. h3 g4 42. hxg4 h3 43. Kd2 h2 44. Ke3 h1=Q 45. Kf4 Qh6+ 46. Kg3 Kd3 47. Kf3 Qg6 48. e5 Qe4+ 49. Kg3 fxe5 50. f3 Qf4+ 51. Kh3 Ke3 52. g5 Kxf3 53. g6 Qg3# 0-1

[Event "Quebec-ch U14"]
[Site "Montreal CAN"]
[Date "2011.11.25"]
[Round "1"]
[White "Gu, Sheng Ming"]
[Black "Nikulich, Andrey"]
[Result "1-0"]
[WhiteElo "1657"]
[BlackElo "1379"]
[PlyCount "53"]
[GameId "2160767909573415"]
[EventDate "2011.11.25"]
[EventType "swiss"]
[EventRounds "5"]
[EventCountry "CAN"]
[SourceTitle "hb 2012"]

1. g3 e5 2. Bg2 d5 3. e3 Nf6 4. Ne2 Nc6 5. O-O Bf5 6. d4 e4 7. Nd2 b5 8. a4 a6 9. f3 Be7 10. fxe4 Bxe4 11. Nxe4 Nxe4 12. Bxe4 dxe4 13. Nc3 O-O 14. Nxe4 Re8 15. Qf3 Rf8 16. Nc3 Nb4 17. axb5 axb5 18. Rxa8 Qxa8 19. Nxb5 Qxf3 20. Rxf3 Nxc2 21. Nxc7 Rc8 22. Nd5 Bg5 23. Bd2 Rb8 24. Bc3 Rb5 25. Rf5 Kf8 26. Rxg5 Nxe3 27. Bb4+ 1-0

[Event "Quebec-ch U14"]
[Site "Montreal CAN"]
[Date "2011.11.25"]
[Round "1"]
[White "Johnson, Nicholas1"]
[Black "Manailoiu, Dragos"]
[Result "0-1"]
[WhiteElo "1497"]
[BlackElo "1799"]
[PlyCount "80"]
[GameId "2160767909573416"]
[EventDate "2011.11.25"]
[EventType "swiss"]
[EventRounds "5"]
[EventCountry "CAN"]
[SourceTitle "EXT 2022"]
[Source "ChessBase"]
[SourceDate "2021.10.06"]
[SourceVersion "1"]
[SourceVersionDate "2021.10.06"]
[SourceQuality "1"]

1. c4 Nf6 2. g3 c5 3. Bg2 e6 4. Nc3 Be7 5. e4 Nc6 6. Nge2 a6 7. O-O Qc7 8. d3 O-O 9. f4 d6 10. f5 g6 11. fxg6 fxg6 12. Bh6 Rf7 13. Rf2 Bd7 14. Qf1 Ne5 15. Bh3 Nxd3 16. Rf3 Ne5 17. Rf2 Nh5 18. Rxf7 Nxf7 19. Bf4 Rf8 20. Rd1 g5 21. Bc1 Ne5 22. Qg2 g4 23. Bf4 gxh3 24. Qxh3 Nxf4 25. Nxf4 Ng6 26. Nxg6 hxg6 27. Qh6 Be8 28. Ne2 Qc6 29. Nf4 Qxe4 30. Rf1 Bf6 31. Rf2 Qe1+ 32. Kg2 Bc6+ 33. Kh3 Qxf2 34. Qxg6+ Bg7 35. Qxe6+ Rf7 36. Qc8+ Kh7 37. Qg4 Bd7 38. Ne6 Bxe6 39. Qxe6 Qf5+ 40. Qxf5+ Rxf5 0-1

[Event "Quebec-ch U14"]
[Site "Montreal CAN"]
[Date "2011.11.25"]
[Round "1"]
[White "Shi, Yang Tian Jiao (Sky"]
[Black "Smirnov, Arteme"]
[Result "1-0"]
[WhiteElo "1693"]
[BlackElo "1380"]
[PlyCount "99"]
[GameId "2160767909573417"]
[EventDate "2011.11.25"]
[EventType "swiss"]
[EventRounds "5"]
[EventCountry "CAN"]
[SourceTitle "hb 2012"]

1. d4 Nf6 2. c4 g6 3. Nc3 d5 4. Bg5 Bg7 5. Bxf6 Bxf6 6. Nxd5 Bg7 7. e3 O-O 8. Nf3 c5 9. Be2 Nc6 10. dxc5 Qa5+ 11. Qd2 Qxd2+ 12. Nxd2 Bf5 13. e4 Be6 14. Rb1 Nd4 15. Nxe7+ Kh8 16. Bd3 Rfd8 17. Nd5 Rac8 18. b4 Nc6 19. O-O a5 20. bxa5 Nxa5 21. Rb5 Nc6 22. Rxb7 Ne5 23. Be2 Rxc5 24. f4 Ng4 25. Bxg4 Bxg4 26. Rxf7 Be2 27. Rc1 Re8 28. Kf2 Bg4 29. Nb3 Rcc8 30. e5 Be6 31. Re7 Rxe7 32. Nxe7 Rxc4 33. Rxc4 Bxc4 34. Ke3 Bf8 35. Nc6 Kg7 36. Kd4 Bb5 37. Nca5 Kf7 38. Nc5 Bh6 39. g3 g5 40. fxg5 Bxg5 41. a4 Be2 42. Nc4 Bd8 43. Nb7 Bc7 44. a5 Bxc4 45. Kxc4 Bxe5 46. a6 Bb8 47. Nd6+ Ke6 48. Nb5 Kf5 49. Kc5 Kg4 50. Kb6 1-0

[Event "Quebec-ch U14"]
[Site "Montreal CAN"]
[Date "2011.11.26"]
[Round "2"]
[White "Manailoiu, Dragos"]
[Black "Shi, Yang Tian Jiao (Sky"]
[Result "0-1"]
[WhiteElo "1799"]
[BlackElo "1693"]
[PlyCount "32"]
[GameId "2160767909573418"]
[EventDate "2011.11.25"]
[EventType "swiss"]
[EventRounds "5"]
[EventCountry "CAN"]
[SourceTitle "hb 2012"]

1. d4 d5 2. c4 e6 3. Nc3 Be7 4. Nf3 Nf6 5. Bg5 O-O 6. e3 Nbd7 7. cxd5 Nxd5 8. Bxe7 Qxe7 9. Bd3 b6 10. O-O Bb7 11. e4 Nb4 12. Bb1 c5 13. dxc5 Nxc5 14. Qe2 Ba6 15. Nb5 Qd7 16. Nfd4 e5 0-1

[Event "Quebec-ch U14"]
[Site "Montreal CAN"]
[Date "2011.11.26"]
[Round "2"]
[White "Nikulich, Andrey"]
[Black "Johnson, Nicholas1"]
[Result "0-1"]
[WhiteElo "1379"]
[BlackElo "1497"]
[PlyCount "88"]
[GameId "2160767909573419"]
[EventDate "2011.11.25"]
[EventType "swiss"]
[EventRounds "5"]
[EventCountry "CAN"]
[SourceTitle "EXT 2022"]
[Source "ChessBase"]
[SourceDate "2021.10.06"]
[SourceVersion "1"]
[SourceVersionDate "2021.10.06"]
[SourceQuality "1"]

1. e4 e6 2. d4 d5 3. e5 c5 4. c3 Nc6 5. Nf3 Bd7 6. Be3 c4 7. Be2 Qc7 8. Bf4 O-O-O 9. Bg3 Nge7 10. Ng5 Be8 11. Bg4 Qd7 12. O-O h6 13. Nf3 g5 14. Nfd2 Nf5 15. Bxf5 exf5 16. f4 g4 17. Bh4 Be7 18. Bxe7 Qxe7 19. b3 cxb3 20. axb3 Qh4 21. Qe1 Qe7 22. Na3 a6 23. Nc2 Bd7 24. Ne3 Be6 25. Qb1 Qd7 26. Rf2 h5 27. h4 gxh3 28. gxh3 Rhg8+ 29. Rg2 Rxg2+ 30. Kxg2 Rg8+ 31. Kh2 f6 32. exf6 Qf7 33. Nf3 Qxf6 34. h4 Bd7 35. Ng5 Qd6 36. Qf1 Re8 37. Qf3 Na7 38. Kg3 Nb5 39. Rc1 Qa3 40. Re1 Qxb3 41. Rc1 Kb8 42. Nd1 Re1 43. Qxh5 Qa2 44. Nf3 Re2 0-1

[Event "Quebec-ch U14"]
[Site "Montreal CAN"]
[Date "2011.11.26"]
[Round "2"]
[White "Smirnov, Arteme"]
[Black "Gu, Sheng Ming"]
[Result "0-1"]
[WhiteElo "1380"]
[BlackElo "1657"]
[PlyCount "110"]
[GameId "2160767909573420"]
[EventDate "2011.11.25"]
[EventType "swiss"]
[EventRounds "5"]
[EventCountry "CAN"]
[SourceTitle "hb 2012"]

1. e4 c5 2. Nf3 e6 3. d4 cxd4 4. Nxd4 Nf6 5. Nc3 Nc6 6. Bg5 Bb4 7. Nxc6 bxc6 8. Bd3 Qa5 9. Bxf6 gxf6 10. Qd2 d5 11. exd5 cxd5 12. Be2 e5 13. O-O d4 14. a3 Bxc3 15. bxc3 dxc3 16. Qd6 Qb6 17. Rfd1 Be6 18. Rab1 Qxd6 19. Rxd6 Ke7 20. Rc6 Rhc8 21. Rb7+ Kf8 22. Rxc8+ Rxc8 23. Bd3 a5 24. Rb5 a4 25. Ra5 Bd7 26. Bxh7 Rb8 27. f3 Rb1+ 28. Kf2 Bb5 29. Ra8+ Kg7 30. Be4 Ra1 31. Ke3 Re1+ 32. Kf2 Re2+ 33. Kg1 Re1+ 34. Kf2 Ra1 35. Rb8 Bd7 36. Rb7 Be6 37. Ke3 Rxa3 38. Kd3 f5 39. Bc6 Ra1 40. Kxc3 a3 41. Ra7 a2 42. Bd7 Bxd7 43. Kb2 Rg1 44. Kxa2 Be6+ 45. Kb2 Rxg2 46. Ra5 f6 47. Ra6 Bd5 48. Ra7+ Kh6 49. Ra6 Bxf3 50. Rxf6+ Kg5 51. Rf8 Rxh2 52. Kb3 Bd5+ 53. c4 Rh3+ 54. Kb4 Rh4 55. Rc8 Rxc4+ 0-1

[Event "Quebec-ch U14"]
[Site "Montreal CAN"]
[Date "2011.11.26"]
[Round "3"]
[White "Johnson, Nicholas"]
[Black "Smirnov, Arteme"]
[Result "1-0"]
[WhiteElo "1497"]
[BlackElo "1380"]
[PlyCount "41"]
[GameId "2160767909573421"]
[EventDate "2011.11.25"]
[EventType "swiss"]
[EventRounds "5"]
[EventCountry "CAN"]
[SourceTitle "hb 2012"]

1. c4 c5 2. g3 Nf6 3. Bg2 d5 4. cxd5 Nxd5 5. Nc3 Nc7 6. d3 Nc6 7. Nf3 Bg4 8. h3 Bd7 9. O-O e6 10. Bf4 Be7 11. Rc1 O-O 12. Na4 Na6 13. Nd2 Bg5 14. Bd6 Be7 15. Bxc5 Nxc5 16. Nxc5 Rb8 17. Nxd7 Qxd7 18. Qa4 Qd4 19. Bxc6 Qxb2 20. Rc2 Qe5 21. Bf3 1-0

[Event "Quebec-ch U14"]
[Site "Montreal CAN"]
[Date "2011.11.26"]
[Round "3"]
[White "Shi, Yang Tian Jiao (Sky"]
[Black "Gu, Sheng Ming"]
[Result "1/2-1/2"]
[WhiteElo "1693"]
[BlackElo "1657"]
[PlyCount "111"]
[GameId "2160767909573422"]
[EventDate "2011.11.25"]
[EventType "swiss"]
[EventRounds "5"]
[EventCountry "CAN"]
[SourceTitle "hb 2012"]

1. d4 d5 2. c4 e6 3. Nc3 Nf6 4. Bg5 Bb4 5. cxd5 exd5 6. Qb3 Bxc3+ 7. bxc3 c6 8. e3 Qd6 9. Bd3 O-O 10. Qc2 h6 11. Bf4 Qe7 12. Nf3 Bg4 13. Ne5 Nbd7 14. Nxg4 Nxg4 15. h3 Ngf6 16. O-O c5 17. Rfe1 Rac8 18. Qd2 Ne4 19. Bxe4 dxe4 20. dxc5 Nxc5 21. Bd6 Qd7 22. Qd4 Ne6 23. Qd1 Rfd8 24. Bb4 Qb5 25. Qe2 Rd3 26. a4 Qd5 27. a5 Nc5 28. f3 Rd2 29. Red1 Rxe2 30. Rxd5 Nb3 31. Rb1 Nd2 32. Rd1 Nc4 33. fxe4 Nxe3 34. R1d2 Nxd5 35. Rxe2 Nxb4 36. cxb4 Rc4 37. a6 Rxb4 38. axb7 Rxb7 39. Ra2 f6 40. Kf2 Kf7 41. Ke3 Rd7 42. Ra6 Kg6 43. Kf4 Kh5 44. g3 Re7 45. Ra5+ g5+ 46. Kf5 Re5+ 47. Rxe5 fxe5 48. Kxe5 g4 49. hxg4+ Kxg4 50. Kd5 a5 51. e5 a4 52. e6 a3 53. e7 a2 54. e8=Q a1=Q 55. Qg6+ Kf3 56. Qxh6 1/2-1/2

[Event "Quebec-ch U14"]
[Site "Montreal CAN"]
[Date "2011.11.26"]
[Round "3"]
[White "Zhang, Raymes"]
[Black "Manailoiu, Dragos"]
[Result "0-1"]
[WhiteElo "1346"]
[BlackElo "1799"]
[PlyCount "64"]
[GameId "2160767909573423"]
[EventDate "2011.11.25"]
[EventType "swiss"]
[EventRounds "5"]
[EventCountry "CAN"]
[SourceTitle "hb 2012"]

1. e4 c5 2. f4 d5 3. Nc3 d4 4. Na4 e6 5. d3 b5 6. Nxc5 Bxc5 7. Nf3 Nc6 8. Bd2 Nf6 9. Qe2 Ng4 10. h3 Ne3 11. Bxe3 dxe3 12. O-O-O Qb6 13. g4 Bb7 14. Bg2 Nd4 15. Nxd4 Bxd4 16. c3 Rc8 17. Kb1 Bc5 18. d4 Be7 19. Qxe3 b4 20. Rc1 bxc3 21. Rxc3 Rxc3 22. Qxc3 O-O 23. g5 Rc8 24. Qe3 Bb4 25. Rg1 Bc3 26. b3 Bxd4 27. Qg3 Bxg1 28. f5 Be3 29. Kb2 Qd4+ 30. Ka3 Qc5+ 31. b4 Bc1+ 32. Kb3 Qc2# 0-1

[Event "Quebec-ch U14"]
[Site "Montreal CAN"]
[Date "2011.11.27"]
[Round "4"]
[White "Gu, Sheng Ming"]
[Black "Manailoiu, Dragos"]
[Result "0-1"]
[WhiteElo "1657"]
[BlackElo "1799"]
[PlyCount "130"]
[GameId "2160767909573424"]
[EventDate "2011.11.25"]
[EventType "swiss"]
[EventRounds "5"]
[EventCountry "CAN"]
[SourceTitle "hb 2012"]

1. e4 c5 2. Nf3 Nc6 3. d4 cxd4 4. Nxd4 Nf6 5. Nc3 e5 6. Ndb5 d6 7. Bg5 a6 8. Na3 b5 9. Nd5 Be7 10. Bxf6 Bxf6 11. Bd3 O-O 12. O-O Be6 13. c4 b4 14. Nc2 a5 15. Rc1 Bg5 16. f4 exf4 17. Nxf4 Qb6+ 18. Kh1 Ne5 19. Nxe6 fxe6 20. Rb1 Rf2 21. Be2 Raf8 22. b3 Ng4 23. Bxg4 Rxf1+ 24. Qxf1 Rxf1+ 25. Rxf1 Bf6 26. Bxe6+ Kf8 27. Rf5 Ke7 28. Bd5 a4 29. Rf3 axb3 30. axb3 Qa7 31. Ne3 Qa1+ 32. Nf1 Qb2 33. h3 g5 34. Ne3 Qc1+ 35. Nf1 h5 36. g4 hxg4 37. hxg4 Qd1 38. Kg2 Qe2+ 39. Rf2 Qxg4+ 40. Ng3 Be5 41. Rf7+ Ke8 42. Rf3 Bf4 43. Bb7 Kd8 44. Bd5 Kc7 45. Kf2 Qh3 46. Nf1 Qh8 47. Kg2 Qb2+ 48. Kh3 Qh8+ 49. Kg2 Kb6 50. Ng3 Be5 51. Rf5 Qh4 52. Nf1 g4 53. Rxe5 dxe5 54. c5+ Kxc5 55. Nh2 Qh3+ 56. Kg1 Qe3+ 57. Kg2 g3 58. Ng4 Qf4 59. Kh3 g2 60. Nxe5 Qxe5 61. Kxg2 Kd4 62. Kf3 Qh2 63. Kg4 Qf2 64. Kg5 Ke5 65. Kg4 Qg2+ 0-1